[Event "EU-ch Amateur Online 1400/1700"]
[Site "Tornelo INT"]
[Date "2021.04.17"]
[Round "6"]
[White "Nikolovski, Kiril"]
[Black "Georgiadis, Anastasios"]
[Result "1-0"]
[WhiteElo "1276"]
[BlackElo "1638"]
[PlyCount "155"]
[EventDate "2021.04.17"]
[EventType "swiss (rapid)"]
[EventRounds "8"]
[EventCountry "NET"]
[SourceTitle "EXT 2023"]
[Source "ChessBase"]
[SourceDate "2022.10.05"]
[SourceVersion "1"]
[SourceVersionDate "2022.10.05"]
[SourceQuality "1"]

1. e4 c5 2. Nc3 d6 3. f4 Nc6 4. Nf3 g6 5. Bb5 Bg7 6. d3 e6 7. Bxc6+ bxc6 8. 0-0 Ne7 9. Qe1 d5 10. e5 0-0 11. g4 f5 12. g5 Ba6 13. Ne2 c4 14. d4 Qc7 15. c3 Rab8 16. h4 Nc8 17. Kg2 Nb6 18. Rh1 Na4 19. h5 Nxb2 20. Bxb2 Rxb2 21. hxg6 hxg6 22. Nh4 Kf7 23. Kf3 Rh8 24. Qg3 Qb8 25. Rh2 Rd2 26. Qe1 Rb2 27. Qd1 Rb6 28. Rh1 Rh7 29. Ng2 Rxh1 30. Qxh1 Qh8 31. Qxh8 Bxh8 32. Ke3 Bb5 33. a4 Ra6 34. a5 Bg7 35. Ne1 Bf8 36. Nc2 Be7 37. Nb4 Bxb4 38. cxb4 Kg7 39. Nc3 Kg8 40. Rh1 Kg7 41. Rh6 c5 42. dxc5 Be8 43. Kd4 Rc6 44. b5 Rc8 45. c6 Bxc6 46. bxc6 Rxc6 47. Rh1 Ra6 48. Ra1 Rc6 49. Nb5 a6 50. Nd6 Kf8 51. Rb1 Kg7 52. Rb6 Rc7 53. Rb7 Rxb7 54. Nxb7 Kf7 55. Nc5 Ke7 56. Nxa6 Kd7 57. Nc5+ Kc6 58. Nxe6 Kb5 59. Kc3 Kxa5 60. Nd4 Kb6 61. Ne6 Kb5 62. Nf8 Kc5 63. Nxg6 d4+ 64. Kd2 Kb4 65. Ne7 c3+ 66. Kc2 Kc4 67. Nxf5 d3+ 68. Kc1 Kb3 69. Nd4+ Kc4 70. Nf3 Kb3 71. e6 c2 72. Nd2+ Kc3 73. e7 Kb4 74. e8Q Kc3 75. g6 Kb4 76. g7 Kc5 77. g8Q Kd4 78. Qc4# 1-0

[Event "GRE-chT Online Rapid op 1st"]
[Site "Tornelo INT"]
[Date "2021.02.20"]
[Round "2.1"]
[White "Balokas, Dimitrios"]
[Black "Georgiadis, Anastasios"]
[Result "1-0"]
[WhiteElo "2219"]
[BlackElo "1638"]
[PlyCount "149"]
[EventDate "2021.02.20"]
[EventType "team-swiss (rapid)"]
[EventRounds "9"]
[EventCountry "GRE"]
[SourceTitle "EXT 2023"]
[Source "ChessBase"]
[SourceDate "2022.10.05"]
[SourceVersion "1"]
[SourceVersionDate "2022.10.05"]
[SourceQuality "1"]

1. d4 Nf6 2. c4 e6 3. Nc3 Bb4 4. e3 0-0 5. Bd2 b6 6. Nf3 Bb7 7. Rc1 d6 8. Be2 Nbd7 9. 0-0 Qe7 10. a3 Bxc3 11. Bxc3 Ne4 12. d5 e5 13. b4 f5 14. Bb2 Ndf6 15. Nd2 Nxd2 16. Qxd2 Rae8 17. f3 Qf7 18. a4 Bc8 19. Rfd1 f4 20. exf4 exf4 21. Bd3 Nh5 22. Re1 Bf5 23. Bf1 Qd7 24. b5 Bg6 25. Bd4 Qf5 26. a5 Nf6 27. axb6 axb6 28. Rxe8 Rxe8 29. Ra1 Nd7 30. Ra7 Rc8 31. Bb2 Ne5 32. Bc1 Nd3 33. Bxd3 Qxd3 34. Qxf4 Qd1+ 35. Kf2 Re8 36. Qd2 Qxd2+ 37. Bxd2 Bd3 38. Be3 Bxc4 39. Rxc7 Bxb5 40. Bxb6 Kf8 41. Bd4 Re7 42. Rc8+ Kf7 43. Kg3 Ba4 44. Rd8 Rd7 45. Rb8 h6 46. h4 Bc2 47. Be3 Bh7 48. Kf2 Bd3 49. Ra8 Bc4 50. Ra5 Bd3 51. Bf4 Ke7 52. g4 Bg6 53. h5 Bd3 54. Be3 Bc4 55. f4 Kf7 56. Bd4 Bd3 57. g5 hxg5 58. fxg5 Bc2 59. Ra8 Bb3 60. g6+ Ke7 61. h6 gxh6 62. Ra5 Bc4 63. Kg3 Bd3 64. g7 Bh7 65. Ra8 Rd8 66. Bf6+ Kxf6 67. Rxd8 Kxg7 68. Rxd6 Bf5 69. Kf4 Bh3 70. Ke5 Bc8 71. Rf6 Bh3 72. d6 Bd7 73. Re6 Bc6 74. d7 Bxd7 75. Re7+ 1-0